Statystyki dla 15 najbardziej dotkniętych krajów Covid-19 - 2 maja

Kliknij tutaj aby rozwiązać quiz!

Ogólne statystyki

  • Ten quiz został rozwiązany 43 razy
  • Średni wynik to 14 z 23

Statystyki odpowiedzi

kraj% Poprawnych
Stany Zjednoczone
100%
Chiny
95%
Włochy
92%
Francja
90%
Hiszpania
87%
Rosja
87%
Niemcy
85%
Wielka Brytania
85%
Brazylia
74%
Kanada
72%
Szwecja
62%
Turcja
56%
Irlandia
54%
Belgia
51%
Belgia
51%
Holandia
51%
Portugalia
51%
Iran
49%
Szwajcaria
41%
Peru
13%
Singapur
13%
Katar
8%
Bahrajn
5%

Rozkład punktacji

Percentyl według liczby udzielonych odpowiedzi

Procent ludzi z każdym wynikiem

Twoja historia wyników

Nie rozwiązałeś tego quizu